000 00613nam a22002177i 4500
003 URS
005 20260224134828.0
008 181210s2011 ii ||||| |||| 00| 0 eng d
020 _a9788122432046
040 _cURS
_dURS
050 1 4 _aQA76.9
_b.D885 2011
100 _aDukkipati, Rao V.
245 _aApplied numerical methods using matlab
264 1 _aNew Delhi
_bNew age international publishers
_c2011.
300 _a910 p.
_bill,.
_c24 cm.
336 _atext
_btxt
_2rdacontent
337 _aunmediated
_bn
_2rdamedia
338 _avolume
_bnc
_2rdacarrier
650 _anumerical methods
942 _cFR
_2lcc
999 _c98883
_d98880